<?xml version="1.0" encoding="UTF-8"?>
<record
    xmlns:xsi="http://www.w3.org/2001/XMLSchema-instance"
    xsi:schemaLocation="http://www.loc.gov/MARC21/slim http://www.loc.gov/standards/marcxml/schema/MARC21slim.xsd"
    xmlns="http://www.loc.gov/MARC21/slim">

  <leader>03882nam a22003137a 4500</leader>
  <controlfield tag="001">8702</controlfield>
  <controlfield tag="003">FISKH</controlfield>
  <controlfield tag="005">20251013112346.0</controlfield>
  <controlfield tag="008">251013b        cb ||||| |||| 00| 0 eng d</controlfield>
  <datafield tag="020" ind1=" " ind2=" ">
    <subfield code="a">9789995094171</subfield>
  </datafield>
  <datafield tag="040" ind1=" " ind2=" ">
    <subfield code="a">FISKH</subfield>
    <subfield code="b">khr</subfield>
    <subfield code="c">FISKH</subfield>
    <subfield code="d">FISKH</subfield>
  </datafield>
  <datafield tag="050" ind1=" " ind2=" ">
    <subfield code="a">PZ7</subfield>
  </datafield>
  <datafield tag="082" ind1=" " ind2=" ">
    <subfield code="a">722.409596</subfield>
  </datafield>
  <datafield tag="100" ind1=" " ind2=" ">
    <subfield code="a">Sotheary, Kimsun </subfield>
  </datafield>
  <datafield tag="245" ind1=" " ind2=" ">
    <subfield code="a">&#x1794;&#x17D2;&#x179A;&#x17B6;&#x179F;&#x17B6;&#x1791;&#x1794;&#x1793;&#x17D2;&#x1791;&#x17B6;&#x1799;&#x1786;&#x17D2;&#x1798;&#x17B6;&#x179A; : </subfield>
    <subfield code="b">Prasat Banteay Chhamar / </subfield>
    <subfield code="c">&#x17A2;&#x17D2;&#x1793;&#x1780;&#x179F;&#x17D2;&#x179A;&#x17B8;&#x200B;&#x1782;&#x17B9;&#x1798;&#x179F;&#x17CA;&#x17BB;&#x1793; &#x179F;&#x17BB;&#x1792;&#x17B6;&#x179A;&#x17B8; </subfield>
  </datafield>
  <datafield tag="260" ind1=" " ind2=" ">
    <subfield code="a">Phnom Penh : </subfield>
    <subfield code="b">Reading Books , </subfield>
    <subfield code="c">2008.</subfield>
  </datafield>
  <datafield tag="300" ind1=" " ind2=" ">
    <subfield code="a">24&#x200B; pages : </subfield>
    <subfield code="b">color illustrations ;</subfield>
    <subfield code="c">25 cm . </subfield>
  </datafield>
  <datafield tag="490" ind1=" " ind2=" ">
    <subfield code="a">&#x1796;&#x17B7;&#x1797;&#x1796;&#x179A;&#x17BF;&#x1784;&#x1793;&#x17B7;&#x1791;&#x17B6;&#x1793;</subfield>
  </datafield>
  <datafield tag="505" ind1=" " ind2=" ">
    <subfield code="a">P 
</subfield>
  </datafield>
  <datafield tag="520" ind1=" " ind2=" ">
    <subfield code="a">&#x1793;&#x17C5;&#x179F;&#x1798;&#x17D0;&#x1799;&#x1794;&#x17BB;&#x179A;&#x17B6;&#x178E; &#x1798;&#x17B6;&#x1793;&#x1780;&#x179F;&#x17B7;&#x1780;&#x179A;&#x1798;&#x17D2;&#x1793;&#x17B6;&#x1780;&#x17CB;&#x1788;&#x17D2;&#x1798;&#x17C4;&#x17C7; &#x1786;&#x17D2;&#x1798;&#x17B6;&#x179A; &#x1798;&#x17B6;&#x1793;&#x1797;&#x17B6;&#x1796;&#x17A7;&#x179F;&#x17D2;&#x179F;&#x17B6;&#x17A0;&#x17CD;&#x1796;&#x17D2;&#x1799;&#x17B6;&#x1799;&#x17B6;&#x1798; &#x1793;&#x17B7;&#x1784;&#x1798;&#x17B6;&#x1793;&#x179F;&#x17B7;&#x179B;&#x17D2;&#x1794;&#x17C8;&#x1781;&#x17B6;&#x1784;&#x179F;&#x1784;&#x17CB;&#x1794;&#x17D2;&#x179A;&#x17B6;&#x179F;&#x17B6;&#x1791;&#x17D4; &#x1796;&#x17C1;&#x179B;&#x1793;&#x17C4;&#x17C7;&#x1798;&#x17B6;&#x1793;&#x1796;&#x17D2;&#x179A;&#x17C7;&#x179A;&#x17B6;&#x1787;&#x17B6;&#x179F;&#x17D2;&#x179A;&#x17B8;&#x1787;&#x17D2;&#x179A;&#x179B;&#x1784;&#x179F;&#x17D2;&#x179A;&#x17A1;&#x17B6;&#x1789;&#x17CB;&#x1786;&#x17D2;&#x1798;&#x17B6;&#x179A; &#x178A;&#x17C4;&#x1799;&#x179F;&#x17B6;&#x179A;&#x178F;&#x17C2;&#x179F;&#x17D2;&#x1793;&#x17C1;&#x17A0;&#x17B6;&#x179A;&#x1794;&#x179F;&#x17CB;&#x1782;&#x17B6;&#x178F;&#x17CB; &#x1793;&#x17B7;&#x1784;&#x1787;&#x17C6;&#x1793;&#x17B6;&#x1789;&#x1796;&#x17B7;&#x179F;&#x17C1;&#x179F;&#x1780;&#x17D2;&#x1793;&#x17BB;&#x1784;&#x1780;&#x17B6;&#x179A;&#x179F;&#x17B6;&#x1784;&#x179F;&#x1784;&#x17CB;&#x17D4;
&#x1796;&#x17D2;&#x179A;&#x17C7;&#x1793;&#x17B6;&#x1784;&#x179F;&#x17D2;&#x1793;&#x17BE;&#x17B1;&#x17D2;&#x1799;&#x1786;&#x17D2;&#x1798;&#x17B6;&#x179A; &#x179F;&#x17B6;&#x1784;&#x179F;&#x1784;&#x17CB;&#x1794;&#x17D2;&#x179A;&#x17B6;&#x179F;&#x17B6;&#x1791;&#x1798;&#x17BD;&#x1799;&#x1780;&#x17D2;&#x1793;&#x17BB;&#x1784;&#x179A;&#x1799;&#x17C8;&#x1796;&#x17C1;&#x179B;&#x178F;&#x17C2;&#x1799;&#x1794;&#x17CB;&#x178F;&#x17C2;&#x1798;&#x17BD;&#x1799;&#x17D4; &#x1794;&#x17D2;&#x179A;&#x179F;&#x17B7;&#x1793;&#x1794;&#x17BE;&#x1782;&#x17B6;&#x178F;&#x17CB;&#x17A2;&#x17B6;&#x1785;&#x179F;&#x17B6;&#x1784;&#x179F;&#x1784;&#x17CB;&#x179A;&#x17BD;&#x1785;&#x1794;&#x17B6;&#x1793; &#x1793;&#x17B6;&#x1784;&#x1793;&#x17B9;&#x1784;&#x179A;&#x17C0;&#x1794;&#x1780;&#x17B6;&#x179A;&#x1787;&#x17B6;&#x1798;&#x17BD;&#x1799;&#x1782;&#x17B6;&#x178F;&#x17CB;&#x17D4; &#x1786;&#x17D2;&#x1798;&#x17B6;&#x179A;&#x1799;&#x179B;&#x17CB;&#x1796;&#x17D2;&#x179A;&#x1798; &#x17A0;&#x17BE;&#x1799;&#x1794;&#x17B6;&#x1793;&#x1794;&#x17D2;&#x179A;&#x17BE;&#x1787;&#x17C6;&#x1793;&#x17B6;&#x1789; &#x1793;&#x17B7;&#x1784;&#x1787;&#x17C6;&#x1793;&#x17BD;&#x1799;&#x179A;&#x1794;&#x179F;&#x17CB;&#x179C;&#x17B7;&#x1789;&#x17D2;&#x1789;&#x17B6;&#x178E;&#x17AC;&#x17A2;&#x17B6;&#x179A;&#x1780;&#x17D2;&#x179F; &#x178A;&#x17BE;&#x1798;&#x17D2;&#x1794;&#x17B8;&#x179F;&#x17B6;&#x1784;&#x179F;&#x1784;&#x17CB;&#x1794;&#x17D2;&#x179A;&#x17B6;&#x179F;&#x17B6;&#x1791;&#x1786;&#x17B6;&#x1794;&#x17CB;&#x179A;&#x17A0;&#x17D0;&#x179F;&#x17D4;
&#x1794;&#x17C9;&#x17BB;&#x1793;&#x17D2;&#x178F;&#x17C2;&#x1796;&#x17D2;&#x179A;&#x17C7;&#x1793;&#x17B6;&#x1784;&#x1794;&#x17B6;&#x1794;&#x1780;&#x17D2;&#x1794;&#x178F;&#x17CB;&#x179F;&#x1793;&#x17D2;&#x1799;&#x17B6; &#x17A0;&#x17BE;&#x1799;&#x1782;&#x17D2;&#x179A;&#x17C4;&#x1784;&#x1794;&#x1784;&#x17D2;&#x1780;&#x17BE;&#x178F;&#x17A2;&#x17C6;&#x1796;&#x17BE;&#x1794;&#x1793;&#x17D2;&#x179B;&#x17C6; &#x178A;&#x17C4;&#x1799;&#x1792;&#x17D2;&#x179C;&#x17BE;&#x17B1;&#x17D2;&#x1799;&#x1798;&#x17B6;&#x1793;&#x179F;&#x17C6;&#x17A1;&#x17C1;&#x1784;&#x17A7;&#x1780;&#x17D2;&#x179A;&#x17B7;&#x178A;&#x17D2;&#x178B;&#x178A;&#x17BC;&#x1785;&#x1787;&#x17B6;&#x1796;&#x1793;&#x17D2;&#x179B;&#x17BA;&#x1796;&#x17D2;&#x179A;&#x17B9;&#x1780; &#x178A;&#x17BE;&#x1798;&#x17D2;&#x1794;&#x17B8;&#x17B1;&#x17D2;&#x1799;&#x1786;&#x17D2;&#x1798;&#x17B6;&#x179A;&#x1788;&#x1794;&#x17CB;&#x179F;&#x17B6;&#x1784;&#x179F;&#x1784;&#x17CB;&#x17D4; &#x1780;&#x17D2;&#x179A;&#x17C4;&#x1799;&#x1786;&#x17D2;&#x1798;&#x17B6;&#x179A;&#x178A;&#x17B9;&#x1784;&#x1790;&#x17B6;&#x178F;&#x17D2;&#x179A;&#x17BC;&#x179C;&#x1780;&#x17D2;&#x1794;&#x178F;&#x17CB; &#x1782;&#x17B6;&#x178F;&#x17CB;&#x1781;&#x17B9;&#x1784;&#x1781;&#x17D2;&#x179B;&#x17B6;&#x17C6;&#x1784; &#x1793;&#x17B7;&#x1784;&#x1794;&#x17B6;&#x178F;&#x17CB;&#x1794;&#x1784;&#x17CB;&#x1787;&#x17B8;&#x179C;&#x17B7;&#x178F; (&#x1780;&#x17D2;&#x1793;&#x17BB;&#x1784;&#x1781;&#x17D2;&#x179B;&#x17B9;&#x1798;&#x179F;&#x17B6;&#x179A;&#x1781;&#x17D2;&#x179B;&#x17C7;&#x1798;&#x17B6;&#x1793;&#x1793;&#x17B7;&#x1799;&#x17B6;&#x1799;&#x1790;&#x17B6; &#x1786;&#x17D2;&#x1798;&#x17B6;&#x179A;&#x1794;&#x17B6;&#x1793;&#x1794;&#x17D2;&#x179A;&#x1791;&#x17C7;&#x179C;&#x17B7;&#x1794;&#x178F;&#x17D2;&#x178F;&#x17B7; &#x17AC;&#x1794;&#x17D2;&#x179A;&#x1796;&#x17D2;&#x179A;&#x17B9;&#x178F;&#x17D2;&#x178A;&#x17A2;&#x178F;&#x17D2;&#x178F;&#x1783;&#x17B6;&#x178F;)&#x17D4;
&#x1794;&#x17D2;&#x179A;&#x17B6;&#x179F;&#x17B6;&#x1791;&#x1793;&#x17C4;&#x17C7;&#x1780;&#x17CF;&#x178F;&#x17D2;&#x179A;&#x17BC;&#x179C;&#x1794;&#x17B6;&#x1793;&#x1782;&#x17C1;&#x17A0;&#x17C5;&#x1790;&#x17B6; &#x1794;&#x17D2;&#x179A;&#x17B6;&#x179F;&#x17B6;&#x1791;&#x1794;&#x1793;&#x17D2;&#x1791;&#x17B6;&#x1799;&#x1786;&#x17D2;&#x1798;&#x17B6;&#x179A; &#x178A;&#x17BE;&#x1798;&#x17D2;&#x1794;&#x17B8;&#x179A;&#x17C6;&#x179B;&#x17B9;&#x1780;&#x178A;&#x179B;&#x17CB;&#x1788;&#x17D2;&#x1798;&#x17C4;&#x17C7;&#x179A;&#x1794;&#x179F;&#x17CB;&#x1782;&#x17B6;&#x178F;&#x17CB;&#x17D4;</subfield>
  </datafield>
  <datafield tag="520" ind1=" " ind2=" ">
    <subfield code="a">In ancient times, there was a farmer named Chhma who was hardworking and skilled in temple construction. At that time, a princess fell in love with Chhma because of his dedication and special talent in building.
The princess challenged Chhma to build a temple within a single night. If he succeeded, she would marry him. Chhma agreed and used his skills &#x2014; along with the help of spirits or supernatural beings &#x2014; to construct the temple rapidly.

However, the princess betrayed her promise and devised a trick to create the illusion of dawn by making loud noises and simulating morning light, causing Chhma to stop building. When Chhma discovered he had been deceived, he was filled with rage and lost his life (some versions say he faced misfortune or committed suicide).
The temple was later named Banteay Chhmar ("Chhma's Citadel") to commemorate his name.</subfield>
  </datafield>
  <datafield tag="521" ind1="8" ind2=" ">
    <subfield code="a">660 
</subfield>
    <subfield code="b">Lexile estimate
</subfield>
  </datafield>
  <datafield tag="521" ind1="8" ind2=" ">
    <subfield code="a">P 
</subfield>
    <subfield code="b">Raz-Plus 
</subfield>
  </datafield>
  <datafield tag="650" ind1=" " ind2=" ">
    <subfield code="a">&#x1794;&#x17D2;&#x179A;&#x17B6;&#x179F;&#x17B6;&#x1791;&#x1794;&#x1793;&#x17D2;&#x1791;&#x17B6;&#x1799;&#x1786;&#x17D2;&#x1798;&#x17B6;&#x179A;</subfield>
  </datafield>
  <datafield tag="650" ind1=" " ind2=" ">
    <subfield code="a">Prasat Banteay Chhamar</subfield>
  </datafield>
  <datafield tag="700" ind1=" " ind2=" ">
    <subfield code="a">San, Thai</subfield>
    <subfield code="e">Illustrator </subfield>
  </datafield>
  <datafield tag="942" ind1=" " ind2=" ">
    <subfield code="2">ddc</subfield>
    <subfield code="c">KHB</subfield>
    <subfield code="n">0</subfield>
  </datafield>
  <datafield tag="999" ind1=" " ind2=" ">
    <subfield code="c">8702</subfield>
    <subfield code="d">8702</subfield>
  </datafield>
  <datafield tag="952" ind1=" " ind2=" ">
    <subfield code="0">0</subfield>
    <subfield code="1">0</subfield>
    <subfield code="2">ddc</subfield>
    <subfield code="4">0</subfield>
    <subfield code="7">0</subfield>
    <subfield code="a">002</subfield>
    <subfield code="b">002</subfield>
    <subfield code="c">TTP Khmer</subfield>
    <subfield code="d">2025-10-13</subfield>
    <subfield code="l">0</subfield>
    <subfield code="o">SOT PZ7 722.409596</subfield>
    <subfield code="p">FIS04072</subfield>
    <subfield code="r">2025-10-13 11:12:16</subfield>
    <subfield code="t">1</subfield>
    <subfield code="w">2025-10-13</subfield>
    <subfield code="y">KHB</subfield>
  </datafield>
  <datafield tag="952" ind1=" " ind2=" ">
    <subfield code="0">0</subfield>
    <subfield code="1">0</subfield>
    <subfield code="2">ddc</subfield>
    <subfield code="4">0</subfield>
    <subfield code="7">0</subfield>
    <subfield code="a">002</subfield>
    <subfield code="b">002</subfield>
    <subfield code="c">TTP Khmer</subfield>
    <subfield code="d">2025-11-11</subfield>
    <subfield code="l">0</subfield>
    <subfield code="o">SOT PZ7 722.409596</subfield>
    <subfield code="p">FIS04348</subfield>
    <subfield code="r">2025-11-11 14:26:45</subfield>
    <subfield code="t">2</subfield>
    <subfield code="w">2025-11-11</subfield>
    <subfield code="y">KHB</subfield>
  </datafield>
</record>
